000 00497nam a2200157Ia 4500
005 20250516014537.0
008 240331s9999 xx 000 0 und d
020 _a9559528114
082 _a294
_bKAR
100 _aKarunanandha, U
245 0 _aBrahmachari Walisingha Harischandra ha Anuradhapura Bauddha prabodaya :
_b1899-1913
260 _aColombo
_bProf, Udmabanda Karunandha
300 _a112 p .,
500 _aBrahmachari Walisingha Harischandra the scared city of Anuradha Pura
942 _cL
999 _c897
_d897